<?xml version="1.0" encoding="UTF-8"?><?xml-stylesheet type="text/xsl" href="static/style.xsl"?><OAI-PMH xmlns="http://www.openarchives.org/OAI/2.0/" xmlns:xsi="http://www.w3.org/2001/XMLSchema-instance" xsi:schemaLocation="http://www.openarchives.org/OAI/2.0/ http://www.openarchives.org/OAI/2.0/OAI-PMH.xsd"><responseDate>2026-04-28T21:35:20Z</responseDate><request verb="GetRecord" identifier="oai:repisalud.isciii.es:20.500.12105/13085" metadataPrefix="marc">https://repisalud.isciii.es/rest/oai/request</request><GetRecord><record><header><identifier>oai:repisalud.isciii.es:20.500.12105/13085</identifier><datestamp>2025-03-14T11:46:00Z</datestamp><setSpec>com_20.500.12105_2203</setSpec><setSpec>com_20.500.12105_2202</setSpec><setSpec>col_20.500.12105_19577</setSpec><setSpec>col_20.500.12105_19585</setSpec></header><metadata><record xmlns="http://www.loc.gov/MARC21/slim" xmlns:dcterms="http://purl.org/dc/terms/" xmlns:doc="http://www.lyncode.com/xoai" xmlns:xsi="http://www.w3.org/2001/XMLSchema-instance" xsi:schemaLocation="http://www.loc.gov/MARC21/slim http://www.loc.gov/standards/marcxml/schema/MARC21slim.xsd">
   <leader>00925njm 22002777a 4500</leader>
   <datafield ind2=" " ind1=" " tag="042">
      <subfield code="a">dc</subfield>
   </datafield>
   <datafield ind2=" " ind1=" " tag="720">
      <subfield code="a">Instituto de Salud Carlos III. Gabinete de prensa</subfield>
      <subfield code="e">author</subfield>
   </datafield>
   <datafield ind2=" " ind1=" " tag="260">
      <subfield code="c">2021-05-24</subfield>
   </datafield>
   <datafield ind2=" " ind1=" " tag="520">
      <subfield code="a">La Escuela Nacional de Sanidad del ISCIII acaba de incorporar una nueva Unidad centrada en la investigación, formación sobre Cambio Climático, Salud y Medio Ambiente Urbano. La Unidad surge después de que la ENS lleve varios años trabajando sobre este ámbito y debido a la creciente relevancia del cambio climático en las políticas estatales globales y en la salud de la población. Coincidiendo con la presentación de la Unidad, este lunes se ha celebrado en el ISCIII la inauguración del Módulo de Salud Ambiental como parte del Máster en Salud Pública de la Escuela Nacional de Sanidad, a la que ha asistido la vicepresidenta del Gobierno y ministra de Transición Ecológica y Reto Demográfico, Teresa Ribera.</subfield>
   </datafield>
   <datafield ind1="8" ind2=" " tag="024">
      <subfield code="a">http://hdl.handle.net/20.500.12105/13085</subfield>
   </datafield>
   <datafield tag="653" ind2=" " ind1=" ">
      <subfield code="a">Unidad sobre Cambio Climático, Salud y Medio Ambiente Urbano</subfield>
   </datafield>
   <datafield tag="653" ind2=" " ind1=" ">
      <subfield code="a">inauguración del Módulo de Salud Ambiental</subfield>
   </datafield>
   <datafield ind2="0" ind1="0" tag="245">
      <subfield code="a">La Escuela Nacional de Sanidad crea una Unidad sobre Cambio Climático, Salud y Medio Ambiente Urbano</subfield>
   </datafield>
</record></metadata></record></GetRecord></OAI-PMH>